00942 2200205 4500001002100000005001500021035002000036008004100056245008000097100002400177250000600201260003800207300001200245084001400257082000800271650001000279520042300289990001200712990001200724INLIS00000000000131620240520020709 a0010-0524000551240520 1 ind 1 aMarrying Love; Emang Kenapa Kalau Naksir Cowok Aids ? /cLia Indra Andriana aIndra Andriana, Lia a1 aYogyakarta :bSheila/ Andi,c2018 a316 hlm a813 LIA m a813 4aFiksi aKalau saja segalanya normal, siapapun tidak akan menolak cowok Korea setampan Ji-Hwan! Hanya saja semua memang tak wajar. Mau tak mau, Eri pun terseret dalam alur hidup si Prince Charming. Di satu sisi Eri membencinya setengah mati. Sisi lainnya, diam-diam perasaan indah mulai tumbuh. Apakah Eri bisa membebaskan diri atau malah terjatuh lebih dalam lagi? Ditambah Ji-Hwan mempunyai rahasia kelam yang mengejutkan... a0741474 a0741475